| Tag |
First Indicator |
Second Indicator |
Subfields |
| LEADER |
00000pam a2200000 a 4500 |
| 001 |
in00000069580 |
| 005 |
20151008054511.0 |
| 008 |
810810s1981 nyu 00010 eng |
| 010 |
|
|
|a 81047204
|
| 020 |
|
|
|a 039450724X :
|c $16.50
|
| 035 |
|
|
|a (OCoLC)07737664
|
| 035 |
|
|
|9 AAJ0845AM
|
| 039 |
0 |
|
|a 2
|b 3
|c 3
|d 3
|e 3
|
| 040 |
|
|
|a DLC
|c DLC
|d TXA
|d UtOrBLW
|
| 043 |
|
|
|a a-is---
|
| 049 |
|
|
|a TXAM
|c [1442181]
|
| 050 |
0 |
0 |
|a HX742.2.A3
|b L53 1981
|
| 082 |
0 |
|
|a 307.7
|2 19
|
| 100 |
1 |
|
|a Lieblich, Amia,
|d 1939-
|
| 245 |
1 |
0 |
|a Kibbutz Makom :
|b report from an Israeli kibbutz /
|c by Amia Lieblich.
|
| 250 |
|
|
|a 1st ed.
|
| 264 |
|
1 |
|a New York :
|b Pantheon Books,
|c [1981]
|
| 264 |
|
4 |
|c ©1981
|
| 300 |
|
|
|a xxvi, 318 pages ;
|c 25 cm.
|
| 336 |
|
|
|a text
|b txt
|2 rdacontent
|
| 337 |
|
|
|a unmediated
|b n
|2 rdamedia
|
| 338 |
|
|
|a volume
|b nc
|2 rdacarrier
|
| 490 |
1 |
|
|a [Pantheon village series]
|
| 650 |
|
0 |
|a Kibbutzim
|x Case studies.
|
| 830 |
|
0 |
|a Pantheon village series.
|
| 999 |
|
|
|a MARS
|
| 999 |
f |
f |
|s d1d7c558-9fa5-39b4-b788-8d7298da2769
|i 9fdfdf2a-d0ec-3bbe-91f7-34f80783df8f
|t 0
|
| 952 |
f |
f |
|p ric
|a Texas A&M University
|b Rellis Campus
|c Joint Library Facility
|s JLF
|d Remote Storage
|t 0
|e HX742.2.A3 L53 1981
|h Library of Congress classification
|i unmediated -- volume
|m A14806148510
|
| 998 |
f |
f |
|a HX742.2.A3 L53 1981
|t 0
|l Remote Storage
|